000 00479pam a2200169 a 4500
020 _cpaper back
041 _aeng
082 _a004
_bCUR / FOL
100 _aCURTIN D.P., FOLEY K, SEN K AND MORIN C
245 _aINFORMATION TECHNOLOGY HE BREAKING WAVE
_hTextual Documents
250 _a01-01-1998
260 _bTATA MC GRAW HILL PUB. CO. LTD.NEW DELHI-110 008
300 _axx/300
_c27x21
500 _a2092
653 _aINFORMATION SYSTEM SECURITY (B.E.)
930 _a1900
999 _c45130
_d45130